| 000 | 00396nam a2200145Ia 4500 | ||
|---|---|---|---|
| 005 | 20260328101525.0 | ||
| 008 | 260328s9999||||xx |||||||||||||| ||und|| | ||
| 100 | _aFreely, John | ||
| 245 | 0 |
_aStrolling Through Venice : _b The definitive walking GuideBook to "La Serenissima" / _cJohn Freely |
|
| 250 | _a5a ed. | ||
| 260 | _bTauris Parke | ||
| 300 | _a395 p. | ||
| 650 | _aHISTORIA | ||
| 942 | _cBK | ||
| 999 |
_c9750 _d9750 |
||